| 000 | 00000nam##2200000za#4500 |
| 001 | 9.688421 |
| 003 | CaOODSP |
| 005 | 20210624231421 |
| 007 | cr ||||||||||| |
| 008 | 150407|2006||||xxc|||||o f|0| 0 eng|d |
| 020 | |a0-662-43434-X |
| 040 | |aCaOODSP|beng |
| 043 | |an-cn--- |
| 086 | 1 |aH82-3/2006E-PDF |
| 110 | 1 |aCanada. |bPatented Medicine Prices Review Board. |
| 245 | 10|aDiscussion guide for the consultations on the Board's excessive price guidelines |h[electronic resource] |
| 260 | |aOttawa - Ontario : |bPatented Medicine Prices Review Board |cMay 2006. |
| 300 | |a24p.|bfigs. |
| 500 | |aThe catalogue number (H82-3/2006) and ISBN (0-662-49259-5) for the bilingual print edition have been incorrectly copied in this electronic publication. |
| 590 | |a12-20-Supp|b2012-05-09 |
| 775 | 08|tGuide de discussion aux fins de consultation sur les lignes directrices du Conseil sur les prix excessifs |w(CaOODSP)9.632845 |
| 856 | 40|ahttp://publications.gc.ca|qPDF|s563 KB|uhttps://publications.gc.ca/collections/collection_2012/cepmb-pmprb/H82-3-2006-eng.pdf |